[Event "DEN-chT 2122 59th"]
[Site "Denmark"]
[Date "2022.01.29"]
[Round "5.3"]
[White "Jaksland, Tim"]
[Black "Sorensen, Lars Desmond"]
[Result "1/2-1/2"]
[WhiteElo "2212"]
[BlackElo "2048"]
[PlyCount "32"]
[EventDate "2021.10.30"]
[EventType "team-tourn"]
[EventRounds "9"]
[EventCountry "DEN"]
[SourceTitle "EXT 2023"]
[Source "ChessBase"]
[SourceDate "2022.10.05"]
[SourceVersion "1"]
[SourceVersionDate "2022.10.05"]
[SourceQuality "1"]
[WhiteTeam "Hillerod"]
[BlackTeam "Fredericia"]
[WhiteTeamCountry "DEN"]
[BlackTeamCountry "DEN"]

1. e4 e5 2. Nf3 Nc6 3. Bc4 Bc5 4. c3 Nf6 5. d4 exd4 6. e5 d5 7. Bb5 Ne4 8. cxd4 Bb6 9. Nc3 0-0 10. Be3 Bg4 11. h3 Bh5 12. Qc2 Bg6 13. Qb3 Ne7 14. Nh4 c6 15. Nxg6 hxg6 16. Bd3 Nf5 1/2-1/2

[Event "Fredericia Glenco"]
[Site "Fredericia"]
[Date "2014.05.24"]
[Round "2"]
[White "Sorensen, Lars Desmond"]
[Black "Kovshoj, Sune"]
[Result "1-0"]
[WhiteElo "2082"]
[BlackElo "2054"]
[PlyCount "43"]
[EventDate "2014.05.23"]
[EventType "swiss"]
[EventRounds "5"]
[EventCountry "DEN"]
[SourceTitle "EXT 2016"]
[Source "ChessBase"]
[SourceDate "2015.10.08"]
[SourceVersion "1"]
[SourceVersionDate "2015.10.08"]
[SourceQuality "1"]

1. d4 Nf6 2. Nf3 e6 3. c4 b6 4. g3 Bb7 5. Bg2 Be7 6. Nc3 0-0 7. 0-0 d5 8. Qa4 c5 9. cxd5 Nxd5 10. Nxd5 Bxd5 11. Bf4 Bc6 12. Qc2 Na6 13. dxc5 Bxc5 14. Ng5 g6 15. Bxc6 Nb4 16. Qe4 Rc8 17. Bb7 e5 18. Rad1 Qe7 19. Bc1 Rc7 20. Bd5 Kh8 21. Nxf7+ Rxf7 22. Bxf7 1-0